[Event "ICS rated blitz match"]
[Site "204.178.125.65"]
[Date "2000.12.22"]
[Round "?"]
[White "Hossa"]
[Black "cfd"]
[Result "1-0"]
[WhiteElo "2476"]
[BlackElo "2224"]
[PlyCount "65"]
[EventDate "2000.??.??"]

1. e4 d6 2. d4 e5 3. dxe5 dxe5 4. Qxd8+ Kxd8 5. Bc4 Be6 6. Bxe6 fxe6 7. Be3 Bd6
8. Nd2 Nf6 9. O-O-O Ke7 10. Ngf3 Nc6 11. h3 b5 12. Ng5 h6 13. Ngf3 g5 14. Kb1
Nh5 15. Ng1 Nf4 16. Rh2 a5 17. g3 Ng6 18. Ne2 a4 19. Nf3 Rhf8 20. Ne1 Rh8 21.
Nd3 Rhf8 22. h4 gxh4 23. Bxh6 hxg3 24. Bxf8+ Rxf8 25. Rh7+ Rf7 26. Rxf7+ Kxf7
27. fxg3 Nge7 28. Rf1+ Kg6 29. Nc3 Nd4 30. a3 c5 31. Nf2 b4 32. Nxa4 bxa3 33.
bxa3 {cfd resigns} 1-0

[Event "ICS rated blitz match"]
[Site "204.178.125.65"]
[Date "2000.12.22"]
[Round "?"]
[White "peaceonearth"]
[Black "Hossa"]
[Result "0-1"]
[WhiteElo "2301"]
[BlackElo "2482"]
[PlyCount "74"]
[EventDate "2000.??.??"]

1. e4 e6 2. d4 d5 3. Nc3 Bb4 4. Bd2 dxe4 5. Qg4 Qxd4 6. O-O-O f5 7. Qh5+ g6 8.
Qe2 Nc6 9. f3 exf3 10. Nxf3 Qg7 11. a3 Bd6 12. Nb5 Nf6 13. Kb1 O-O 14. Bc3 Qe7
15. Nxd6 cxd6 16. b3 Ne4 17. Bb2 d5 18. c4 dxc4 19. Qxc4 Nf2 20. Bd3 Rd8 21.
Bc2 Nxh1 22. Rxh1 Rd5 23. Re1 Rc5 24. Qd3 Qc7 25. b4 Nxb4 26. axb4 Rc4 27. Be5
Rxb4+ 28. Kc1 Qb6 29. Rd1 Rg4 30. g3 Kf7 31. h4 Qa5 32. Qd6 Rc4 33. Ng5+ Ke8
34. Rd2 Rc6 35. Qd4 h6 36. Nf3 Qa3+ 37. Kb1 Rb6+ {peaceonearth resigns} 0-1

[Event "ICS rated blitz match"]
[Site "204.178.125.65"]
[Date "2000.12.22"]
[Round "?"]
[White "Hossa"]
[Black "Dorky"]
[Result "1-0"]
[WhiteElo "2490"]
[BlackElo "2431"]
[PlyCount "89"]
[EventDate "2000.??.??"]

1. e4 c5 2. Nf3 d6 3. d4 cxd4 4. Nxd4 Nf6 5. Nc3 a6 6. Be2 e5 7. Nb3 Be7 8. O-O
Be6 9. Be3 O-O 10. Nd5 Nxd5 11. exd5 Bd7 12. Bd3 f5 13. c4 e4 14. Be2 f4 15.
Bd2 Qc7 16. Re1 Bh4 17. Rf1 f3 18. gxf3 Bh3 19. Re1 Nd7 20. Bc3 Qd8 21. Bf1
Bxf2+ 22. Kxf2 Qh4+ 23. Kg1 exf3 24. Kh1 Bg2+ 25. Kg1 f2+ 26. Kxg2 fxe1=N+ 27.
Qxe1 Qg4+ 28. Qg3 Qxg3+ 29. hxg3 Rae8 30. Kh3 Nf6 31. Bd4 Ne4 32. Bg2 Nf2+ 33.
Kh4 Re2 34. c5 Nd3 35. Rg1 Nxc5 36. Nxc5 dxc5 37. Bxc5 Rb8 38. Bd4 Rc8 39. Kh3
Rcc2 40. Bc3 g5 41. d6 Rxb2 42. Bxb2 Rxb2 43. Rd1 g4+ 44. Kxg4 h5+ 45. Kxh5 {
Dorky resigns} 1-0

[Event "ICS rated blitz match"]
[Site "204.178.125.65"]
[Date "2000.12.22"]
[Round "?"]
[White "Dorky"]
[Black "Hossa"]
[Result "0-1"]
[WhiteElo "2418"]
[BlackElo "2503"]
[PlyCount "70"]
[EventDate "2000.??.??"]

1. e4 c5 2. Nc3 Nc6 3. g3 g6 4. Bg2 Bg7 5. d3 e6 6. Be3 d6 7. f4 Nh6 8. h4 Qb6
9. Bc1 Bd7 10. g4 O-O-O 11. g5 Ng8 12. Nge2 h6 13. Kf2 hxg5 14. hxg5 Nge7 15.
Rb1 Rxh1 16. Bxh1 Rh8 17. Kg1 c4+ 18. Kg2 cxd3 19. cxd3 Kb8 20. Na4 Qa6 21. b3
Nb4 22. d4 Bb5 23. Rb2 Qc6 24. Kf3 Nf5 25. Nec3 Nxd4+ 26. Kg4 Bd3 27. a3 Bc2
28. Qf1 Nd3 29. Rxc2 Qa6 30. Qd1 Nxc2 31. Qxc2 Rxh1 32. Be3 f5+ 33. gxf6 Bxf6
34. Qd2 d5 35. exd5 exd5 {Dorky resigns} 0-1

[Event "ICS rated blitz match"]
[Site "204.178.125.65"]
[Date "2000.12.22"]
[Round "?"]
[White "Hossa"]
[Black "Dorky"]
[Result "1-0"]
[WhiteElo "2515"]
[BlackElo "2406"]
[PlyCount "35"]
[EventDate "2000.??.??"]

1. e4 e6 2. d4 d5 3. e5 Bb4+ 4. c3 Be7 5. Nf3 Nd7 6. Bd3 f5 7. O-O c6 8. b3 Nh6
9. Bxh6 gxh6 10. c4 O-O 11. cxd5 cxd5 12. Qd2 Kg7 13. Rc1 b6 14. a3 Bb7 15. Nc3
a6 16. Ne2 Rc8 17. Nf4 Kf7 18. Rxc8 {Dorky resigns} 1-0

[Event "ICS rated blitz match"]
[Site "204.178.125.65"]
[Date "2000.12.22"]
[Round "?"]
[White "shally"]
[Black "Hossa"]
[Result "0-1"]
[WhiteElo "2377"]
[BlackElo "2526"]
[PlyCount "40"]
[EventDate "2000.??.??"]

1. e4 c5 2. Nf3 d6 3. d4 cxd4 4. Nxd4 Nf6 5. Nc3 Nc6 6. Bc4 e6 7. Be3 Be7 8.
Qe2 O-O 9. O-O-O Ne5 10. Bb3 Neg4 11. Bg5 h6 12. Bh4 Bd7 13. h3 Ne5 14. f4 Ng6
15. Bg3 Qa5 16. Bh2 Rfc8 17. g4 Rxc3 18. bxc3 d5 19. exd5 Qxc3 20. Kb1 Ba3 {
shally resigns} 0-1

[Event "ICS rated blitz match"]
[Site "204.178.125.65"]
[Date "2000.12.22"]
[Round "?"]
[White "Hossa"]
[Black "pob"]
[Result "1-0"]
[WhiteElo "2536"]
[BlackElo "2114"]
[PlyCount "57"]
[EventDate "2000.??.??"]

1. e4 e6 2. d4 d5 3. e5 c5 4. c3 Ne7 5. dxc5 Qc7 6. Nf3 Nec6 7. Be3 Nd7 8. Bb5
Ndxe5 9. Nxe5 Qxe5 10. O-O Be7 11. Bd4 Qg5 12. Na3 f6 13. Be3 Qg6 14. Bd3 f5
15. Nb5 O-O 16. Nc7 Rb8 17. Re1 Bd7 18. Qb3 b6 19. cxb6 axb6 20. Bf4 Rb7 21.
Ba6 Ra7 22. Bb5 Na5 23. Qa4 Bxb5 24. Qxb5 Nc4 25. Nxe6 Rfa8 26. Qxd5 Nxb2 27.
Ng5+ Kh8 28. Nf7+ Kg8 29. Ne5+ {pob resigns} 1-0

[Event "ICS rated blitz match"]
[Site "204.178.125.65"]
[Date "2000.12.22"]
[Round "?"]
[White "Hossa"]
[Black "SSM"]
[Result "1-0"]
[WhiteElo "2539"]
[BlackElo "2390"]
[PlyCount "40"]
[EventDate "2000.??.??"]

1. e4 e5 2. Bc4 Nf6 3. d3 Bc5 4. Nc3 O-O 5. Nf3 c6 6. Nxe5 d5 7. exd5 cxd5 8.
d4 dxc4 9. dxc5 Qe7 10. Qd6 Re8 11. f4 Nc6 12. O-O Nxe5 13. fxe5 Qxe5 14. Qxe5
Rxe5 15. c6 bxc6 16. Bf4 Re8 17. Rad1 Be6 18. Rd4 Rad8 19. Rxd8 Rxd8 20. Bg5
Rd2 {SSM resigns} 1-0

[Event "ICS rated blitz match"]
[Site "204.178.125.65"]
[Date "2000.12.22"]
[Round "?"]
[White "pob"]
[Black "Hossa"]
[Result "0-1"]
[WhiteElo "2109"]
[BlackElo "2549"]
[PlyCount "68"]
[EventDate "2000.??.??"]

1. e4 c5 2. Nf3 d6 3. d4 cxd4 4. Nxd4 Nf6 5. Nc3 Nc6 6. Bc4 e6 7. Be3 Be7 8.
O-O O-O 9. f4 d5 10. exd5 exd5 11. Bd3 Bc5 12. Nce2 Ng4 13. Qd2 Nxe3 14. Qxe3
Re8 15. Qf2 Rxe2 16. Qxe2 Nxd4 17. Qh5 g6 18. Qd1 Nxc2+ 19. Kh1 Nxa1 20. Qxa1
Qb6 21. f5 Bd4 22. Qc1 Qxb2 23. Qf4 Bxf5 24. Bxf5 gxf5 25. Qxf5 Qxa2 26. Qxf7+
Kh8 27. h4 Rg8 28. Qf3 b5 29. Rd1 Qc4 30. Qf4 Bc3 31. Qf5 Qxh4+ 32. Kg1 Bd4+
33. Kf1 Re8 34. Qh3 Qf2# {pob checkmated} 0-1

[Event "ICS rated blitz match"]
[Site "204.178.125.65"]
[Date "2000.12.22"]
[Round "?"]
[White "Hossa"]
[Black "MelRose21"]
[Result "1-0"]
[WhiteElo "2551"]
[BlackElo "1921"]
[PlyCount "25"]
[EventDate "2000.??.??"]

1. e4 d5 2. exd5 Qxd5 3. d4 e5 4. Nf3 Nc6 5. Nc3 Bb4 6. a3 Bxc3+ 7. bxc3 Nf6 8.
Be3 O-O 9. dxe5 Qxd1+ 10. Rxd1 Ng4 11. Bf4 Bf5 12. h3 Bxc2 13. Rd2 {
MelRose21 resigns} 1-0

[Event "ICS rated standard match"]
[Site "204.178.125.65"]
[Date "2000.12.22"]
[Round "?"]
[White "ET2000"]
[Black "Hossa"]
[Result "1-0"]
[WhiteElo "2652"]
[BlackElo "2340"]
[PlyCount "141"]
[EventDate "2000.??.??"]

1. e4 c5 2. Nf3 d6 3. Nc3 Nc6 4. d4 cxd4 5. Nxd4 g6 6. Be3 Bg7 7. f3 Bd7 8. Qd2
Nxd4 9. Bxd4 Bxd4 10. Qxd4 Nf6 11. Bc4 O-O 12. O-O Qc7 13. Bb3 Rfd8 14. Rad1
Rdc8 15. f4 Bg4 16. Rde1 Qc5 17. Qxc5 dxc5 18. f5 c4 19. Ba4 gxf5 20. h3 Bh5
21. exf5 a6 22. Rxe7 b5 23. g4 bxa4 24. gxh5 a3 25. bxa3 Kf8 26. Rb7 Re8 27.
Rd1 Re5 28. h6 Rxf5 29. Rd4 Rc8 30. a4 Rg5+ 31. Kf1 Rc6 32. Rf4 Rg6 33. Ne2 Rd6
34. Rxc4 Rd1+ 35. Kf2 Rxh6 36. Rc8+ Ne8 37. Nf4 Rf6 38. Rb4 Ke7 39. Ke2 Rdd6
40. Ke3 Kd7 41. Rbb8 Nc7 42. c4 Rc6 43. Rd8+ Ke7 44. Rd4 Rf5 45. Rb7 Kf8 46.
Nd3 Ne8 47. c5 Rh6 48. Kd2 Rxh3 49. c6 Rh2+ 50. Kc3 Rh3 51. c7 Rc5+ 52. Rc4
Rxc4+ 53. Kxc4 Nd6+ 54. Kd4 Rg3 55. Rb8+ Kg7 56. Rd8 Nf5+ 57. Kc4 Ne7 58. Re8
Rg4+ 59. Kc5 Kf6 60. Rxe7 Kxe7 61. c8=Q Rg5+ 62. Kd4 a5 63. Ne5 Rg7 64. Ke4 Rg6
65. Qd7+ Kf6 66. Qxf7+ Kg5 67. Qf4+ Kh5 68. Kf5 Rg2 69. Nf7 Rf2 70. Qxf2 h6 71.
Qh2# {Hossa checkmated} 1-0

[Event "ICS rated blitz match"]
[Site "204.178.125.65"]
[Date "2000.12.22"]
[Round "?"]
[White "brutus"]
[Black "Hossa"]
[Result "0-1"]
[WhiteElo "2141"]
[BlackElo "2552"]
[PlyCount "45"]
[EventDate "2000.??.??"]

1. e4 e6 2. d4 d5 3. Nc3 Bb4 4. e5 c5 5. a3 Bxc3+ 6. bxc3 Ne7 7. Nf3 Bd7 8. Bd3
Qa5 9. Bd2 c4 10. Be2 f6 11. O-O Nbc6 12. exf6 gxf6 13. Re1 Qc7 14. g3 e5 15.
dxe5 fxe5 16. Bf1 O-O 17. Bg2 Bg4 18. Qe2 e4 19. Qe3 exf3 20. Qg5+ Ng6 21. Qxg4
fxg2 22. Bh6 Nce5 23. Qg5 {brutus resigns} 0-1

[Event "ICS rated blitz match"]
[Site "204.178.125.65"]
[Date "2000.12.22"]
[Round "?"]
[White "Hossa"]
[Black "brutus"]
[Result "1-0"]
[WhiteElo "2555"]
[BlackElo "2138"]
[PlyCount "117"]
[EventDate "2000.??.??"]

1. d4 Nf6 2. c4 e6 3. Nf3 d5 4. Bg5 c6 5. cxd5 cxd5 6. e3 Be7 7. Bd3 O-O 8. Qc2
h6 9. Bxf6 Bxf6 10. O-O Nc6 11. Rc1 Bd7 12. Na3 a6 13. Nb1 Qa5 14. Nc3 Rfc8 15.
a3 b5 16. Bh7+ Kh8 17. Bd3 Qb6 18. Qe2 Na5 19. Nd2 Nc4 20. b3 Nxd2 21. Qxd2 Rc7
22. Rc2 Rac8 23. b4 Be7 24. Rac1 a5 25. Ne2 axb4 26. Rxc7 Rxc7 27. axb4 Rxc1+
28. Nxc1 Qc6 29. Nb3 Qa6 30. Qc3 Bd6 31. Nc5 Qc6 32. Qa1 Bxc5 33. dxc5 Qb7 34.
g4 Bc6 35. f4 Kg8 36. Kf2 Kf8 37. Qe5 Qd7 38. Qb8+ Ke7 39. Qh8 g6 40. Qg7 Qa7
41. Bxg6 Be8 42. f5 Qa2+ 43. Kf3 Qd2 44. f6+ Kd8 45. Bxf7 Bxf7 46. Qf8+ Be8 47.
Qe7+ Kc8 48. Qxe8+ Kc7 49. f7 Qd1+ 50. Kf4 Qf1+ 51. Ke5 Qf3 52. Qe7+ Kc6 53.
Qxe6+ Kb7 54. Qxd5+ Qxd5+ 55. Kxd5 Kc7 56. c6 Kb6 57. f8=Q Ka7 58. Qf7+ Ka8 59.
Qb7# {brutus checkmated} 1-0

[Event "ICS rated standard match"]
[Site "204.178.125.65"]
[Date "2000.12.22"]
[Round "?"]
[White "ChesterX"]
[Black "Hossa"]
[Result "1-0"]
[WhiteElo "2386"]
[BlackElo "2335"]
[PlyCount "163"]
[EventDate "2000.??.??"]

1. d4 Nf6 2. c4 e6 3. Nf3 d5 4. g3 dxc4 5. Qa4+ Nc6 6. Bg2 Bd7 7. Qxc4 Bd6 8.
O-O O-O 9. Bg5 h6 10. Bd2 a6 11. Nc3 b5 12. Qd3 Nb4 13. Qb1 c5 14. dxc5 Bxc5
15. a3 Nc6 16. Ne4 Nxe4 17. Qxe4 Rc8 18. Rac1 Qe7 19. Rfd1 Rfd8 20. b4 Bb6 21.
Bc3 f5 22. Qf4 Be8 23. Rxd8 Qxd8 24. Kf1 g5 25. Qd2 Qxd2 26. Bxd2 Rc7 27. h4
gxh4 28. Nxh4 h5 29. Bf4 Rc8 30. e4 fxe4 31. Bxe4 Bd4 32. Rc2 Ne7 33. Rxc8 Nxc8
34. Bb7 Nb6 35. Bc1 Bf6 36. Nf3 Nc4 37. Bxa6 Bc6 38. Ke2 Nd6 39. Bf4 Nf7 40.
Bc8 Bd5 41. Bd7 Bc4+ 42. Kd2 Bd5 43. Nh4 Bc4 44. a4 bxa4 45. Bxa4 Be7 46. b5
Bc5 47. Be3 Bb4+ 48. Kc2 Ne5 49. Bd4 Bd3+ 50. Kd1 Bd6 51. b6 Bc4 52. f4 Nf7 53.
Bc2 Bd5 54. Bg6 Ng5 55. Bxh5 Ne4 56. Bf3 Be7 57. Bxe4 Bxe4 58. Ke2 Bxh4 59.
gxh4 Bb7 60. h5 Kh7 61. Be3 Be4 62. Kf2 Kg7 63. Kg3 Kf6 64. Bd4+ Kf5 65. Be5
Bb7 66. Kf2 Be4 67. Ke3 Bd5 68. Kd4 Bf3 69. Kc5 Bb7 70. Kd6 Bf3 71. Kc7 Bxh5
72. b7 Be2 73. b8=Q Kg4 74. Qb3 Ba6 75. Qxe6+ Kf3 76. Qxa6 Ke3 77. Qf1 Kd2 78.
Qf3 Kc2 79. Qe2+ Kb3 80. Kb6 Ka3 81. Kb5 Kb3 82. Qb2# {Hossa checkmated} 1-0

[Event "ICS rated blitz match"]
[Site "204.178.125.65"]
[Date "2000.12.22"]
[Round "?"]
[White "pob"]
[Black "Hossa"]
[Result "0-1"]
[WhiteElo "2106"]
[BlackElo "2561"]
[PlyCount "100"]
[EventDate "2000.??.??"]

1. e4 c5 2. Nf3 d6 3. d4 cxd4 4. Nxd4 Nf6 5. Nc3 Nc6 6. Be3 e6 7. Be2 d5 8.
exd5 Nxd5 9. Nxd5 exd5 10. O-O Bd6 11. Bf3 O-O 12. g3 Be5 13. c3 Bh3 14. Re1
Qd7 15. Nb3 Ne7 16. Bc5 Bd6 17. Qd4 Rfd8 18. Rad1 Qf5 19. Bg2 Bxg2 20. Kxg2
Bxc5 21. Nxc5 Nc6 22. Qd3 Qc8 23. Nb3 Qg4 24. h3 Qd7 25. Nd4 Ne7 26. Qf3 Re8
27. Re5 f6 28. Re2 Nc6 29. Rde1 Ne5 30. Qf5 Qxf5 31. Nxf5 Red8 32. Rd2 Nc4 33.
Rxd5 Rxd5 34. Ne7+ Kf8 35. Nxd5 Rd8 36. Nf4 Rd6 37. b3 Ne5 38. Re2 g5 39. Nh5
Nd3 40. c4 f5 41. g4 f4 42. Kf3 h6 43. h4 gxh4 44. Nxf4 Rf6 45. Re4 h3 46. Kg3
Nxf4 47. Re5 Nd3 48. Rh5 Nxf2 49. Rxh6 Rxh6 50. Kh2 Nxg4+ {pob resigns} 0-1

[Event "ICS rated blitz match"]
[Site "204.178.125.65"]
[Date "2000.12.22"]
[Round "?"]
[White "Hossa"]
[Black "speedster"]
[Result "1-0"]
[WhiteElo "2563"]
[BlackElo "1945"]
[PlyCount "23"]
[EventDate "2000.??.??"]

1. e4 e6 2. d4 d5 3. e5 c5 4. c3 cxd4 5. cxd4 Bb4+ 6. Bd2 Bxd2+ 7. Nxd2 Ne7 8.
Ngf3 O-O 9. Bd3 b6 10. Ng5 Ba6 11. Bxh7+ Kh8 12. Qh5 {speedster resigns} 1-0

[Event "ICS Rated standard match"]
[Site "204.178.125.65"]
[Date "2000.12.22"]
[Round "?"]
[White "Hossa"]
[Black "BrazilianMaster"]
[Result "0-1"]
[WhiteElo "2321"]
[BlackElo "2557"]
[PlyCount "112"]
[EventDate "2000.??.??"]

1. Nf3 Nf6 2. d4 d5 3. c4 c6 4. cxd5 cxd5 5. Nc3 Nc6 6. e3 a6 7. Ne5 e6 8. Qa4
Bd7 9. Nxd7 Nxd7 10. a3 Bd6 11. Bd3 g6 12. Bd2 O-O 13. Qd1 Rc8 14. O-O Na5 15.
e4 dxe4 16. Nxe4 Bb8 17. Bg5 Qb6 18. Qa4 Nc6 19. Be3 Qc7 20. g3 Ba7 21. Bf4 Qd8
22. Nd6 Nb6 23. Qd1 Rc7 24. Ne4 Rd7 25. Bg5 f6 26. Be3 Nd5 27. Bc4 b5 28. Bb3
Nc7 29. d5 exd5 30. Bxa7 Nxa7 31. Qd2 Re8 32. Nc5 Rde7 33. Qh6 Qd6 34. Rac1 Re2
35. Nd3 Nc6 36. Bd1 R2e7 37. Bf3 Nd4 38. Bg4 Nce6 39. Rce1 Ng5 40. Kh1 Rxe1 41.
Nxe1 Qc7 42. Ng2 Qc4 43. Rd1 Ne2 44. f4 Ne4 45. Bxe2 Nf2+ 46. Kg1 Rxe2 47. Re1
Ng4 48. Kf1 Re8+ 49. Kg1 Qc5+ 50. Re3 Rxe3 51. Nxe3 Qxe3+ 52. Kg2 Qf2+ 53. Kh3
Nxh6 54. b3 Qf1+ 55. Kh4 Nf5+ 56. Kg4 h5# {Hossa checkmated} 0-1

[Event "ICS rated standard match"]
[Site "204.178.125.65"]
[Date "2000.12.22"]
[Round "?"]
[White "BrazilianMaster"]
[Black "Hossa"]
[Result "1-0"]
[WhiteElo "2564"]
[BlackElo "2314"]
[PlyCount "127"]
[EventDate "2000.??.??"]

1. Nf3 Nf6 2. d4 g6 3. Nc3 d5 4. Bf4 Bg7 5. Qd2 Ne4 6. Qe3 c5 7. Nxe4 dxe4 8.
Qxe4 cxd4 9. Be5 Qa5+ 10. c3 Bxe5 11. Qxe5 Qxe5 12. Nxe5 dxc3 13. bxc3 Nd7 14.
Nd3 Nf6 15. g3 Be6 16. Bg2 O-O-O 17. a4 Kc7 18. Rb1 b6 19. a5 h6 20. axb6+ axb6
21. Ne5 Rd6 22. Ra1 Rc8 23. Ra3 b5 24. f4 Kb6 25. Kf2 Ng4+ 26. Nxg4 Bxg4 27.
Be4 Be6 28. Rha1 Bc4 29. Ra7 e5 30. fxe5 Rd2 31. Bf3 Kc5 32. Bg4 Rc6 33. Ke1
Rc2 34. R1a3 Rb2 35. Bf3 Rc8 36. Re7 h5 37. Rd7 h4 38. gxh4 Be6 39. Re7 Bc4 40.
Raa7 Kb6 41. h5 g5 42. Reb7+ Kc5 43. Rc7+ Rxc7 44. Rxc7+ Kb6 45. Rc6+ Ka5 46.
h6 Bd3 47. exd3 Rxh2 48. Be4 f5 49. Bxf5 g4 50. h7 g3 51. Kf1 b4 52. cxb4+ Kb5
53. Rc5+ Kxb4 54. Rc4+ Ka3 55. e6 Rf2+ 56. Kg1 Re2 57. h8=Q Re1+ 58. Kg2 Re2+
59. Kxg3 Re3+ 60. Kf4 Re4+ 61. Bxe4 Kb3 62. Qc3+ Ka2 63. Qc2+ Ka3 64. Ra4# {
Hossa checkmated} 1-0

[Event "ICS rated bullet match"]
[Site "204.178.125.65"]
[Date "2000.12.22"]
[Round "?"]
[White "ChesterX"]
[Black "Hossa"]
[Result "1-0"]
[WhiteElo "2610"]
[BlackElo "2607"]
[PlyCount "95"]
[EventDate "2000.??.??"]

1. e4 c5 2. Nf3 d6 3. d4 cxd4 4. Nxd4 Nf6 5. Nc3 Nc6 6. Bg5 Bd7 7. Be2 a6 8.
Bxf6 gxf6 9. O-O Bh6 10. Nf5 Bg5 11. Ng7+ Kf8 12. Nh5 f5 13. Qd3 fxe4 14. Nxe4
h6 15. c4 Bh4 16. c5 f5 17. Neg3 Bxg3 18. Nxg3 dxc5 19. Qd5 e6 20. Qxc5+ Qe7
21. Qc3 Rg8 22. Rfd1 Rd8 23. Bf3 e5 24. Bxc6 bxc6 25. Qd3 e4 26. Qd4 Ke8 27.
Qa4 Qg7 28. Qc4 a5 29. Rd2 Qg5 30. Rad1 h5 31. h4 Qg4 32. Qc5 Qg7 33. Qxa5 e3
34. Re2 f4 35. Qxh5+ Ke7 36. Qc5+ Ke8 37. Rd4 Rb8 38. Qd6 Rxb2 39. Rxb2 exf2+
40. Rxf2 Qxd4 41. Qxd4 fxg3 42. Re2+ Kd8 43. Rd2 Rg7 44. Qxg7 Kc7 45. Rxd7+ Kb6
46. Qb2+ Kc5 47. a3 Kc4 48. Qb4# {Hossa checkmated} 1-0

[Event "ICS rated blitz match"]
[Site "204.178.125.65"]
[Date "2000.12.22"]
[Round "?"]
[White "DynoMike"]
[Black "Hossa"]
[Result "0-1"]
[WhiteElo "1952"]
[BlackElo "2564"]
[PlyCount "38"]
[EventDate "2000.??.??"]

1. g3 e6 2. Bg2 d5 3. d4 c5 4. dxc5 Bxc5 5. c3 Nf6 6. Nd2 Qb6 7. Nh3 e5 8. O-O
O-O 9. Nb3 Bd6 10. Be3 Qb5 11. Ng5 h6 12. Nf3 Bf5 13. Qd2 Ng4 14. Nh4 Be6 15.
Rfd1 Nxe3 16. Qxe3 Nd7 17. Rd2 g5 18. Nf3 Qb6 19. Qd3 e4 {DynoMike resigns} 0-1

[Event "ICS Rated blitz match"]
[Site "204.178.125.65"]
[Date "2000.12.22"]
[Round "?"]
[White "Hossa"]
[Black "monsoon"]
[Result "1-0"]
[WhiteElo "2565"]
[BlackElo "2342"]
[PlyCount "58"]
[EventDate "2000.??.??"]

1. e4 c5 2. Nf3 e6 3. d4 cxd4 4. Nxd4 Nc6 5. Be3 Qh4 6. Nb5 Bb4+ 7. c3 Ba5 8.
b4 Bd8 9. Nd6+ Kf8 10. b5 Nce7 11. g3 Qf6 12. f4 Ba5 13. e5 Qg6 14. Bg2 Nh6 15.
Bc5 Nhf5 16. Qa4 Bc7 17. Nxc8 Rxc8 18. Bxb7 Re8 19. Bxa7 d6 20. b6 Bd8 21. Be4
dxe5 22. Qd7 Bxb6 23. Bxb6 exf4 24. gxf4 Qg4 25. Rf1 Rb8 26. Ba7 Rc8 27. Bc5
Qh4+ 28. Rf2 Rb8 29. Qc7 Re8 {monsoon resigns} 1-0

[Event "ICS rated blitz match"]
[Site "204.178.125.65"]
[Date "2000.12.22"]
[Round "?"]
[White "CerealKiller"]
[Black "Hossa"]
[Result "0-1"]
[WhiteElo "1979"]
[BlackElo "2572"]
[PlyCount "32"]
[EventDate "2000.??.??"]

1. e4 c5 2. d4 Nf6 3. Nc3 cxd4 4. Qxd4 Nc6 5. Qd2 e5 6. b3 Bb4 7. Bb2 Nxe4 8.
Qe3 f5 9. O-O-O Bc5 10. Qh3 Nxf2 11. Qh5+ g6 12. Qh6 Bf8 13. Qe3 Qh4 14. Nf3
Bh6 15. Nxh4 Bxe3+ 16. Kb1 Nxh1 {CerealKiller resigns} 0-1

[Event "ICS Rated blitz match"]
[Site "204.178.125.65"]
[Date "2000.12.22"]
[Round "?"]
[White "K-Asrian"]
[Black "Hossa"]
[Result "1-0"]
[WhiteElo "2515"]
[BlackElo "2573"]
[PlyCount "130"]
[EventDate "2000.??.??"]

1. e4 c5 2. Nf3 Nc6 3. d4 cxd4 4. Nxd4 Nf6 5. Nc3 d6 6. Be2 e5 7. Nf3 h6 8. O-O
Be7 9. Re1 O-O 10. h3 Be6 11. Bf1 Qd7 12. Nd5 Bxd5 13. exd5 Nb4 14. c4 Na6 15.
a3 Nc7 16. b3 b5 17. Bb2 bxc4 18. bxc4 Na6 19. Bc3 Nc5 20. Bb4 Qc7 21. Rb1 Rab8
22. Bxc5 Qxc5 23. Qa4 Ne4 24. Qc2 Ng5 25. Nd2 Qxa3 26. h4 Nh7 27. Ra1 Qc5 28.
Ne4 Qc7 29. Ra6 f5 30. Rc6 Qb7 31. Ng3 e4 32. c5 dxc5 33. d6 Qxc6 34. dxe7 Rf6
35. Rd1 Re8 36. Qb3+ c4 37. Bxc4+ Kh8 38. Bb5 Qb6 39. Bxe8 Qxb3 40. Rd8 Nf8 41.
Bh5 Qb1+ 42. Kh2 Kg8 43. e8=Q Qa2 44. Be2 Kh7 45. Rc8 Qe6 46. Qxe6 Nxe6 47. Ra8
Nd4 48. Rxa7 Rd6 49. Bc4 Rc6 50. Bf7 Rb6 51. h5 Rf6 52. Bg6+ Rxg6 53. hxg6+
Kxg6 54. Ra6+ Kg5 55. Ra5 g6 56. Nxe4+ Kf4 57. Ng3 Kg5 58. Ra4 Ne6 59. Ne2 Nc5
60. Rc4 Nd3 61. f3 Kf6 62. Nf4 Nxf4 63. Rxf4 Ke5 64. Ra4 Kf6 65. f4 Kg7 {
Hossa resigns} 1-0

[Event "ICS rated blitz match"]
[Site "204.178.125.65"]
[Date "2000.12.22"]
[Round "?"]
[White "QuarkX"]
[Black "Hossa"]
[Result "0-1"]
[WhiteElo "2405"]
[BlackElo "2554"]
[PlyCount "86"]
[EventDate "2000.??.??"]

1. e4 c5 2. Nf3 d6 3. g3 Nf6 4. e5 dxe5 5. Nxe5 Nbd7 6. Nxd7 Bxd7 7. Bg2 Bg4 8.
f3 Bf5 9. g4 Be6 10. g5 Nd5 11. d3 Qc7 12. O-O Nf4 13. Re1 Nxg2 14. Kxg2 Bf5
15. Kg1 e6 16. f4 c4 17. d4 Bd6 18. Rf1 O-O 19. Rf2 Rfd8 20. c3 Qc6 21. b3 cxb3
22. Qxb3 Bd3 23. Nd2 b5 24. Ba3 Bxa3 25. Qxa3 Rac8 26. Nb3 Rc7 27. Nc5 Bc4 28.
f5 exf5 29. Na6 Rcc8 30. Rxf5 Qe4 31. Re5 Qg4+ 32. Kf2 Qh3 33. Qa5 Qxh2+ 34.
Kf3 Bd5+ 35. Ke3 Qb2 36. Rd1 Rxc3+ 37. Rd3 Rxd3+ 38. Kxd3 Bc4+ 39. Ke3 Qe2+ 40.
Kf4 Rxd4+ 41. Re4 Rxe4+ 42. Kg3 Rg4+ 43. Kh3 Qg2# {QuarkX checkmated} 0-1

[Event "ICS rated blitz match"]
[Site "204.178.125.65"]
[Date "2000.12.22"]
[Round "?"]
[White "Hossa"]
[Black "QuarkX"]
[Result "1-0"]
[WhiteElo "2564"]
[BlackElo "2395"]
[PlyCount "123"]
[EventDate "2000.??.??"]

1. e4 e5 2. Nf3 Nc6 3. Bb5 d6 4. O-O Bd7 5. c3 Nf6 6. Re1 Be7 7. d4 O-O 8. Ba4
Qe8 9. Bb3 Bd8 10. dxe5 Nxe5 11. Nd4 Bg4 12. f3 Bh5 13. Na3 Nfd7 14. Nf5 Nc5
15. Bc2 Qe6 16. Ng3 Bg6 17. f4 Qg4 18. fxe5 Qxd1 19. Rxd1 dxe5 20. Be3 Ne6 21.
Rd7 Re8 22. Nc4 Nf8 23. Rd5 f6 24. Rd2 c6 25. Nd6 Re7 26. Bb3+ Kh8 27. Rad1 Ba5
28. Ndf5 Rc7 29. Rd8 Rcc8 30. Rxc8 Rxc8 31. Nd6 Rd8 32. Nxb7 Rxd1+ 33. Bxd1 Bb6
34. Bxb6 axb6 35. Nd6 Ne6 36. h4 h6 37. Bg4 Nc5 38. b4 Na4 39. Ne2 c5 40. Bd7
Nb2 41. bxc5 bxc5 42. a4 Nd3 43. a5 Nf4 44. Nxf4 exf4 45. a6 Kg8 46. a7 Kf8 47.
Nf5 Bxf5 48. a8=Q+ Ke7 49. Qe8+ Kd6 50. Bxf5 c4 51. Qf8+ Kc6 52. Qxg7 Kb5 53.
Qxh6 Ka4 54. Qxf6 Kb3 55. Qd4 Kc2 56. e5+ Kb3 57. e6 Kb2 58. e7 f3 59. e8=Q f2+
60. Qxf2+ Kxc3 61. Qe7 Kb3 62. Qc2# {QuarkX checkmated} 1-0

[Event "ICS rated blitz match"]
[Site "204.178.125.65"]
[Date "2000.12.22"]
[Round "?"]
[White "Hossa"]
[Black "PostModernist"]
[Result "1-0"]
[WhiteElo "2573"]
[BlackElo "2597"]
[PlyCount "85"]
[EventDate "2000.??.??"]

1. e4 e5 2. Nf3 Nc6 3. Bb5 a6 4. Ba4 d6 5. O-O Nge7 6. c3 Bd7 7. d4 Ng6 8. Bg5
Be7 9. Bxe7 Qxe7 10. d5 Nd8 11. Nbd2 O-O 12. Bxd7 Qxd7 13. Ng5 Nf4 14. Nc4 f6
15. Nf3 Qg4 16. Ne3 Qg6 17. g3 Nf7 18. Kh1 Nh3 19. Nf5 Rfe8 20. N3h4 Qg5 21. f4
exf4 22. gxf4 Nxf4 23. Rg1 g6 24. Rxg5 fxg5 25. Qd4 gxf5 26. Nxf5 Re5 27. Rf1
h6 28. Rxf4 gxf4 29. Qg1+ Ng5 30. h4 Rxe4 31. Nxh6+ Kh7 32. Qxg5 Re1+ 33. Kg2
Rf8 34. Qh5 f3+ 35. Kh2 Re2+ 36. Kh3 Kg7 37. Nf5+ Rxf5 38. Qxf5 Rf2 39. Qg5+
Kh7 40. Qe7+ Kg8 41. Qd8+ Kf7 42. Qxc7+ Ke8 43. Qc8+ {PostModernist resigns}
1-0

[Event "ICS rated blitz match"]
[Site "204.178.125.65"]
[Date "2000.12.22"]
[Round "?"]
[White "QuarkX"]
[Black "Hossa"]
[Result "0-1"]
[WhiteElo "2386"]
[BlackElo "2590"]
[PlyCount "140"]
[EventDate "2000.??.??"]

1. d4 Nf6 2. Nf3 g6 3. Nc3 d5 4. Bf4 Bg7 5. e3 O-O 6. Be2 c5 7. Ne5 cxd4 8.
Qxd4 Nfd7 9. Nxd5 Bxe5 10. Bxe5 Nc6 11. Qh4 Ndxe5 12. O-O-O Qa5 13. Nxe7+ Nxe7
14. Qxe7 Nc6 15. Qa3 Qxa3 16. bxa3 Rd8 17. Rxd8+ Nxd8 18. Kd2 Be6 19. c4 Rc8
20. Rc1 Nc6 21. Kd3 Ne5+ 22. Kd4 Ng4 23. Bxg4 Bxg4 24. c5 Rd8+ 25. Kc3 Bf5 26.
h3 Kg7 27. g4 Be4 28. g5 Rd3+ 29. Kb4 Rd2 30. f4 Rxa2 31. Rc3 Rh2 32. Kc4 f5
33. gxf6+ Kxf6 34. a4 Rxh3 35. a5 Rh1 36. a6 bxa6 37. Ra3 Bb7 38. Ra2 Kf5 39.
Kd4 Rd1+ 40. Kc3 Ke4 41. Rh2 h5 42. f5 Kxf5 43. Rf2+ Ke6 44. Rb2 Bd5 45. Kc2
Ra1 46. Kd3 Ke5 47. Rb8 Be4+ 48. Kd2 g5 49. Rg8 Kf5 50. Rg7 Ra5 51. Rf7+ Kg4
52. Re7 Ra2+ 53. Kc3 Kf3 54. Re5 g4 55. Rxh5 g3 56. Rh1 g2 57. Rg1 Kxe3 58. Kb3
Rc2 59. Re1+ Kf3 60. Ra1 Rxc5 61. Kb4 Rb5+ 62. Kc4 Rb1 63. Ra3+ Kf4 64. Rb3
Bd5+ 65. Kxd5 Rxb3 66. Kc4 Rb5 67. Kd4 g1=Q+ 68. Kd3 Qd1+ 69. Kc3 Ke3 70. Kc4
Qc1# {QuarkX checkmated} 0-1